000 01037nam a2200313 i 4500
001 000011740
003 DO-SdBNP
005 20250210121525.0
007 ta
008 091027s1981 dr 000 f spa d
040 _aDO-SdBNP
_bspa
_cBNPHU
_erda
082 4 _a843.914
_bA384m 1981
_222
100 1 _aAlexis, Jacques Stephen,
_d1922-1961
_927794
_eautor
_4aut.
240 1 _aCompère général soleil.
_lespañol
245 1 0 _aMi compadre el general Sol /
_cJacques Stephen Alexis ; traducción Aida Aisenson.
250 _aQuinta edición
264 1 _aSanto Domingo :
_bEditora Taller,
_c1981.
300 _a296 páginas
_c20 cm.
336 _atexto
_btxt
_2rdacontent
337 _asin mediación
_bn
_2rdamedia
338 _avolumen
_bnc
_2rdacarrier
490 0 _aBiblioteca Taller
_v2
590 _aInventariado, 2024/ BT
650 4 _aNovela haitiana
_93196
650 4 _aLiteratura haitiana
_93197
700 1 _aAisenson, Aida,
_etraductora
_927795
_4trad.
910 _aValidado. Control de calidad MFF
942 _2ddc
_cLBS1
999 _c11415
_d11415